Básničky s pohybem. (Záznam č. 34172)
| 000 -Návěští | |
|---|---|
| Řídící pole kódované 24B | 01560cam a2200469 i 4500 |
| 001 - Kontrolní číslo | |
| Řídící pole proměnné | nkc20223441032 |
| 003 - Identifikátor kontrolního čísla | |
| Řídící pole proměnné | CZ PrSKC |
| 005 - Datum posledního zpracování | |
| Řídící pole 16B | 20260415093125.0 |
| 007 - Pole pevné délky pro fyzický popis | |
| Řídící pole kódované | ta |
| 008 - Údaje pevné délky | |
| Řídící pole kódované 40B | 240913s2022 xr a a 000 p cze d |
| 020 ## - ISBN | |
| ISBN | 9788076880412 |
| 020 ## - ISBN | |
| ISBN | 9788076880429 |
| 040 ## - Zdroj katalogizace-agentura | |
| Agentura původní katalogizace | PAG001 |
| Jazyk katalogizace | cze |
| Agentura upravující záznam | ABA001 |
| Použitá pravidla popisu | rda |
| 072 #7 - Kód předmětové kategorie - Konspekt | |
| Předmětová kategorie | 821.162.3-1 |
| Zpřesnění předmětové kategorie | Česká poezie |
| Zdroj předmětové klasifikace | Konspekt |
| 072 #7 - Kód předmětové kategorie - Konspekt | |
| Předmětová kategorie | 821-93 |
| Zpřesnění předmětové kategorie | Literatura pro děti a mládež (beletrie) |
| Zdroj předmětové klasifikace | Konspekt |
| 080 ## - MDT | |
| Klasifikační znak MDT | 821.162.3-1 |
| Idetifikátor vydání MDT | MRF |
| 080 ## - MDT | |
| Klasifikační znak MDT | 821-93 |
| Idetifikátor vydání MDT | MRF |
| 080 ## - MDT | |
| Klasifikační znak MDT | (0:82-193) |
| Idetifikátor vydání MDT | MRF |
| 080 ## - MDT | |
| Klasifikační znak MDT | (0.025.2) |
| Idetifikátor vydání MDT | MRF |
| 100 1# - Hlavní záhlaví - osobní jméno autora | |
| Osobní jméno | Tovarová, Lenka, |
| Datumy související se jménem | 1977- |
| Kód role | aut |
| 9 (RLIN) | 20648 |
| 245 10 - Údaje o názvu | |
| Název | Básničky s pohybem. |
| Název části/sekce díla | Zvířátka / |
| Údaj o odpovědností, atd. | texty: Lenka Tovarová ; ilustrace: Michaela Pešlová |
| 246 30 - Variantní vázvy | |
| Hlavní název/zkrácený název | Zvířátka |
| 250 ## - Údaje o vydání | |
| Označení vydání | 1. vydání |
| 264 #1 - Nakladatelské údaje | |
| Místo vydání | Praha : |
| Nakladatel | Albi, |
| Rok vydání | 2022 |
| 300 ## - Fyzický popis | |
| Rozsah | 14 nečíslovaných stran : |
| další fyzické údaje | barevné ilustrace ; |
| Rozměry | 18 cm |
| 490 1# - Údaje o edici | |
| Údaje o edici | Kvído |
| 500 ## - Všeobecná poznámka | |
| Text obecné poznámky | Údaj o vydání je chybný, správně má být: 2. vydání |
| 500 ## - Všeobecná poznámka | |
| Text obecné poznámky | V roce 2023 2. dotisk, v roce 2024 3. dotisk |
| 500 ## - Všeobecná poznámka | |
| Text obecné poznámky | Kartonové listy |
| 520 2# - Anotace | |
| Anotace, atd. | Šest rytmických básniček doplněných hravými pohybovými aktivitami a gesty. |
| 655 #7 - Rejstříkový termín - žánr/forma | |
| Žánr/forma či základní termín | česká poezie |
| -- | 923 |
| 655 #7 - Rejstříkový termín - žánr/forma | |
| Žánr/forma či základní termín | říkadla |
| -- | 478 |
| 655 #7 - Rejstříkový termín - žánr/forma | |
| Žánr/forma či základní termín | leporela |
| -- | 906 |
| 655 #7 - Rejstříkový termín - žánr/forma | |
| Žánr/forma či základní termín | publikace pro děti |
| 655 #9 - Rejstříkový termín - žánr/forma | |
| Žánr/forma či základní termín | Czech poetry |
| -- | 926 |
| 655 #9 - Rejstříkový termín - žánr/forma | |
| Žánr/forma či základní termín | children's poetry |
| -- | 479 |
| 655 #9 - Rejstříkový termín - žánr/forma | |
| Žánr/forma či základní termín | folding picture-books |
| -- | 7353 |
| 655 #9 - Rejstříkový termín - žánr/forma | |
| Žánr/forma či základní termín | children's literature |
| 700 1# - Vedlejší záhlaví - osobní jméno autora | |
| Osobní jméno | Pešlová, Michaela |
| Kód role | ill |
| 9 (RLIN) | 9746 |
| 910 ## - Údaje o vlastníkovi jednotky (exempláře) | |
| Sigla vlastníka jednotky | ABG508 |
| Stav ztráty | Zdroj klasifikace pro skladování | Stav poškození |
|---|---|---|
| Universal Decimal Classification |